|
|
|
|
| LEADER |
00000cam a2200000 a 4500 |
| 001 |
58577 |
| 005 |
20230308182011.0 |
| 008 |
000000|1976 ||||||||r|||||||||||spa|| |
| 040 |
|
|
|b spa
|
| 041 |
1 |
|
|a spa
|
| 082 |
0 |
|
|a 912.86
|
| 100 |
|
|
|a Sampedro V., Francisco
|9 59081
|
| 245 |
|
|
|a Atlas geográfico del Ecuador: SAM con las básicas nociones históricas de la nacionalidad
|c Francisco Sampedro V.
|h imp
|
| 264 |
|
|
|a s.l.
|b Instituto Geográfico Militar
|c 1976
|
| 300 |
|
|
|a 71 páginas:
|b map
|c 22 cm
|
| 650 |
|
|
|a Atlas ecuador
|9 96455
|
| 650 |
|
|
|a Geografia del ecuador
|9 7606
|
| 852 |
|
|
|a UC-CDJBV
|c ESTANTERIA CERRADA
|f Compra
|k lucia.mora
|l 1
|m General
|p 00000000
|q 70,00
|r 2
|t 58577
|b 0
|d CDRC
|e CDRC
|g 912.86 ESTANTERIA CERRADA
|z 0000-00-00
|
| 942 |
|
|
|c BK
|
| 999 |
|
|
|c 58350
|d 58350
|